Statistics for Capital Cities Without The Letter I,O Or U

Click here to take the quiz!

General Stats

  • This quiz has been taken 56 times
    (35 since last reset)
  • The average score is 24 of 34

Answer Stats

Answer% Correct
Rabat
91%
Canberra
86%
Amman
82%
Bern
82%
Manama
82%
Sanaa
82%
Asmara
77%
Belgrade
77%
Warsaw
77%
Zagreb
77%
Accra
73%
Ankara
73%
Ashgabat
73%
Astana
73%
Athens
73%
Baghdad
73%
Caracas
73%
Havana
73%
Jakarta
73%
Yerevan
73%
Dakar
68%
Tashkent
68%
Tehran
68%
Dhaka
64%
La Paz
64%
Male
64%
Valletta
64%
Yaren
64%
Amsterdam
59%
Kampala
59%
Harare
55%
Mbabane
50%
Basseterre
41%
N'Djamena
32%

Score Distribution

Percentile by Number Answered

Percent of People with Each Score

Your Score History

You have not taken this quiz since the last reset